Central Library OPAC University of Rajshahi

Japan : (Record no. 72374)

MARC details
000 -LEADER
fixed length control field 00815nam a2200253 a 4500
001 - CONTROL NUMBER
control field 72374
003 - CONTROL NUMBER IDENTIFIER
rucl marc code BD-RjUL
005 - DATE AND TIME OF LATEST TRANSACTION
control field 20211209082243.0
008 - FIXED-LENGTH DATA ELEMENTS--GENERAL INFORMATION
fixed length control field 960118s1971 nyua 001 0 eng d
020 ## - INTERNATIONAL STANDARD BOOK NUMBER
International Standard Book Number 0810204304
035 ## - SYSTEM CONTROL NUMBER
System control number (BD-RjUL)72591
040 ## - CATALOGING SOURCE
Original cataloging agency IUP
Transcribing agency IUP
Modifying agency m/c
-- EQO
-- BD-RjUL
Language of cataloging eng
041 ## - LANGUAGE CODE
Language code of text/sound track or separate title eng
082 ## - DEWEY DECIMAL CLASSIFICATION NUMBER
Edition number 23
Classification number 915.203
Author mark and year BEJ 1971
100 1# - MAIN ENTRY--PERSONAL NAME
Personal name Befu, Harumi
9 (RLIN) 214039
245 10 - TITLE STATEMENT
Title Japan :
Remainder of title an anthropological introduction /
Statement of responsibility, etc. Harumi Befu.
260 ## - PUBLICATION, DISTRIBUTION, ETC. (IMPRINT)
Place of publication, distribution, etc. San Francisco ;
-- London :
Name of publisher, distributor, etc. Chandler,
Date of publication, distribution, etc. c1971.
300 ## - PHYSICAL DESCRIPTION
Pagination xii, 210 p. :
Illustrations ill. ;
Size 23 cm.
490 1# - SERIES STATEMENT
Series statement Chandler publications in anthropology and sociology
500 ## - GENERAL NOTE
General note Includes bibliography and index.
650 #0 - SUBJECT ADDED ENTRY--TOPICAL TERM
Topical term or geographic name as entry element Ethnology
Geographic subdivision Japan
9 (RLIN) 214040
830 #0 - SERIES ADDED ENTRY--UNIFORM TITLE
Uniform title Chandler publications in anthropology and sociology
942 ## - ADDED ENTRY ELEMENTS (KOHA)
Source of classification or shelving scheme Dewey Decimal Classification
Koha item type Books
Holdings
Lost status Source of classification or shelving scheme Damaged status Not for loan Collection code Permanent Location Current Location Shelving location Date acquired Source of acquisition Total Checkouts Full call number Date last seen Copy number Koha item type
  Dewey Decimal Classification   Not For Loan Non-fiction Central Library, University of Rajshahi Central Library, University of Rajshahi Reading Room 24/04/1979 Japanese Foundation   915.203 BEJ 1971 17/05/2017 C-1 Books